书目信息 |
| 题名: |
辣(甜)椒设施栽培
|
|
| 作者: | 刘金兵 , 潘宝贵 编著 | |
| 分册: | ||
| 出版信息: | 北京 中国农业出版社 2013 |
|
| 页数: | 180页 | |
| 开本: | 21cm | |
| 丛书名: | 谁种谁赚钱·设施蔬菜技术丛书 | |
| 单 册: | ||
| 中图分类: | S641.304 | |
| 科图分类: | ||
| 主题词: | 辣椒--温室栽培 , 甜辣椒--温室栽培 , 辣椒 , 温室栽培 , 甜辣椒 | |
| 电子资源: | ||
| ISBN: | 978-7-109-18263-9 | |
| 000 | 01072nam0 2200313 450 | |
| 001 | 012015000802 | |
| 005 | 20150914162043.67 | |
| 010 | @a978-7-109-18263-9@dCNY25.00 | |
| 100 | @a20140429d2013 em y0chiy50 ea | |
| 101 | 0 | @achi |
| 102 | @aCN@b110000 | |
| 105 | @aa z 000yy | |
| 106 | @ar | |
| 200 | 1 | @a辣(甜)椒设施栽培@Ala(tian)jiao she shi zai pei@f刘金兵,潘宝贵编著 |
| 210 | @a北京@c中国农业出版社@d2013 | |
| 215 | @a180页@c图@d21cm | |
| 225 | 1 | @a谁种谁赚钱·设施蔬菜技术丛书@f常有宏,余文贵,陈新主编 |
| 330 | @a本书共九章,内容包括:辣(甜)椒生产概况、辣椒生物学特性、塑料大棚和日光温室、辣椒品种选择、培育壮苗、设施辣椒高效安全生产技术、生长异常、辣椒病虫害防治、辣椒产品采后处理等。 | |
| 461 | 0 | @12001 @a谁种谁赚钱·设施蔬菜技术丛书 |
| 606 | 0 | @a辣椒@x温室栽培 |
| 606 | 0 | @a甜辣椒@x温室栽培 |
| 606 | 0 | @a辣椒 |
| 606 | 0 | @a温室栽培 |
| 606 | 0 | @a甜辣椒 |
| 690 | @aS641.304@v5 | |
| 701 | 0 | @a刘金兵@Aliu jin bing@4编著 |
| 701 | 0 | @a潘宝贵@Apan bao gui@4编著 |
| 801 | 0 | @aCN@b碧洲教育@c20150718 |
| 905 | @a10447@f4@dS641.304@e328 | |
| 辣(甜)椒设施栽培/刘金兵,潘宝贵编著.-北京:中国农业出版社,2013 |
| 180页:图;21cm.-(谁种谁赚钱·设施蔬菜技术丛书/常有宏,余文贵,陈新主编) |
| ISBN 978-7-109-18263-9:CNY25.00 |
| 本书共九章,内容包括:辣(甜)椒生产概况、辣椒生物学特性、塑料大棚和日光温室、辣椒品种选择、培育壮苗、设施辣椒高效安全生产技术、生长异常、辣椒病虫害防治、辣椒产品采后处理等。 |
| ● |
| 相关链接 |
|
|
|
|
正题名:辣(甜)椒设施栽培
索取号:S641.304/328
 
预约/预借
| 序号 | 登录号 | 条形码 | 馆藏地/架位号 | 状态 | 备注 |
| 1 | 0847975 | 208479751 | 第二样本阅览室/ [索取号:S641.304/328] | 在馆 | |
| 2 | 0847976 | 208479760 | 密集书库-生命科学系/ [索取号:S641.304/328] | 在馆 | |
| 3 | 0847977 | 208479779 | 第三借阅区/ [索取号:S641.304/328] | 在馆 | |
| 4 | 0847978 | 208479788 | 第三借阅区/ [索取号:S641.304/328] | 在馆 |